| 000 | 00852cab a2200253 4500 | ||
|---|---|---|---|
| 001 | WB2717-40 | ||
| 008 | 090401t1991 xxu||||| |||| 00| 0 eng d | ||
| 035 | _a(Sirsi) u64972 | ||
| 041 | _aeng | ||
| 245 | _aEstate Agents Act | ||
| 260 | _c1991 | ||
| 350 | _a0 | ||
| 490 |
_aEstates Gazette _vno 9116 27/4/91 p137 |
||
| 520 | _aA discussion of the legal consequences of breaching the estate agent`s " duty of loyalty " by obtaining " secret profits " through undeclared trade discounts . | ||
| 650 | _aCONFLICTS OF INTEREST | ||
| 650 | _aDUTY OF GOOD FAITH | ||
| 650 | _aDUTY TO DISCLOSE INTEREST | ||
| 650 | _aESTATE AGENTS ACT 1979 S18 | ||
| 650 | _aHIPPISLEY V KNEE BROS | ||
| 650 | _aSOLICITORS ESTATE AGENCY GLASGOW V MCIVER | ||
| 690 | _aMANAGEMENT-BUSINESS MANAGEMENT-PROFESSIONAL PRACTICE | ||
| 942 | _n0 | ||
| 948 | _c04/03/1997 | ||
| 999 |
_c40487 _d40487 |
||